<?xml version="1.0" encoding="UTF-8"?>
<record
    xmlns:xsi="http://www.w3.org/2001/XMLSchema-instance"
    xsi:schemaLocation="http://www.loc.gov/MARC21/slim http://www.loc.gov/standards/marcxml/schema/MARC21slim.xsd"
    xmlns="http://www.loc.gov/MARC21/slim">

  <leader>00450nam a22001457a 4500</leader>
  <datafield tag="999" ind1=" " ind2=" ">
    <subfield code="c">109302</subfield>
    <subfield code="d">109302</subfield>
  </datafield>
  <controlfield tag="005">20181204095357.0</controlfield>
  <controlfield tag="008">181204b           ||||| |||| 00| 0 eng d</controlfield>
  <datafield tag="040" ind1=" " ind2=" ">
    <subfield code="c">PK-LaUMT</subfield>
  </datafield>
  <datafield tag="082" ind1=" " ind2=" ">
    <subfield code="a">RHC 355.03305491</subfield>
    <subfield code="b">HAR-H</subfield>
  </datafield>
  <datafield tag="100" ind1=" " ind2=" ">
    <subfield code="a">Haroon ur Rasheed Tabasum</subfield>
  </datafield>
  <datafield tag="245" ind1=" " ind2=" ">
    <subfield code="a">Hilal e Isteqlal(&#x6C1;&#x644;&#x627;&#x644; &#x627;&#x633;&#x62A;&#x642;&#x644;&#x627;&#x644;)/</subfield>
    <subfield code="c">Haroon ur Rasheed Tabasum</subfield>
  </datafield>
  <datafield tag="260" ind1=" " ind2=" ">
    <subfield code="a">&#x633;&#x631;&#x6AF;&#x648;&#x62F;&#x6BE;&#x627;:</subfield>
    <subfield code="b">&#x646;&#x638;&#x631;&#x6CC;&#x6C1; &#x67E;&#x627;&#x6A9;&#x633;&#x62A;&#x627;&#x646; &#x627;&#x6A9;&#x627;&#x62F;&#x645;&#x6CC; </subfield>
    <subfield code="c">2017</subfield>
  </datafield>
  <datafield tag="300" ind1=" " ind2=" ">
    <subfield code="a">224</subfield>
  </datafield>
  <datafield tag="942" ind1=" " ind2=" ">
    <subfield code="c">BK</subfield>
  </datafield>
  <datafield tag="952" ind1=" " ind2=" ">
    <subfield code="0">0</subfield>
    <subfield code="1">0</subfield>
    <subfield code="4">0</subfield>
    <subfield code="7">0</subfield>
    <subfield code="a">01</subfield>
    <subfield code="b">01</subfield>
    <subfield code="d">2018-12-04</subfield>
    <subfield code="l">0</subfield>
    <subfield code="o">RHC 355.03305491 HAR-H</subfield>
    <subfield code="p">126793</subfield>
    <subfield code="r">2018-12-04 00:00:00</subfield>
    <subfield code="w">2018-12-04</subfield>
    <subfield code="y">BK</subfield>
  </datafield>
</record>
